|
|
|
|
| LEADER |
00722naa a2200205 i 4500 |
| 001 |
publ26173 |
| 005 |
20230113081813.0 |
| 008 |
230113s2022 hu o 0|| Magyar d |
| 020 |
|
|
|a 9789635562565
|
| 024 |
7 |
|
|a 33127484
|2 mtmt
|
| 040 |
|
|
|a SZTE Publicatio Repozitórium
|b hun
|
| 041 |
|
|
|a Magyar
|
| 100 |
1 |
|
|a Heka László
|
| 245 |
1 |
0 |
|a Cenzúra a délszláv államban 1918–1990 között, különös tekintettel a magyarok helyzetére
|h [elektronikus dokumentum] /
|c Heka László
|
| 260 |
|
|
|a Gondolat Kiadó
|b Budapest
|c 2022
|
| 300 |
|
|
|a 16
|
| 300 |
|
|
|a 15-30
|
| 490 |
0 |
|
|a A velünk élő történelmi cenzúra
|
| 650 |
|
4 |
|a Jogtudomány
|
| 856 |
4 |
0 |
|u http://publicatio.bibl.u-szeged.hu/26173/1/Heka1.pdf
|z Dokumentum-elérés
|